000 00577nam a2200205Ia 4500
003 GCL
008 140319s9999 xx 000 0 ara d
040 _aGCL /
_cGCL
082 0 4 _a818.03
_bم ن
100 1 _aمحمود فوزى
245 1 0 _aنجيب محفوظ زعيم الحرافيش /
_cمحمود فوزى
260 _a[S.N] :
_bدار الجيل ،
_c1989
300 _a158 ص
490 _a
650 0 4 _aالادب العربى
650 0 4 _aالمذكرات
650 0 4 _aالتراجم الذاتية
650 0 4 _aنجيب محفوظ
942 _2ddc
_cBK
999 _c55133
_d55133